|
|
|
|
| LEADER |
01264nam a2200301 a 4500 |
| 001 |
3345 |
| 003 |
BD-DhAAL |
| 005 |
20150816103509.0 |
| 008 |
150816s1996 nyuabf b 001 0 eng |
| 010 |
|
|
|a 95035856
|
| 020 |
|
|
|a 047114438X (cloth : alk. paper)
|
| 040 |
|
|
|a DLC
|c DLC
|d MYG
|d BD-DhAAL
|
| 050 |
0 |
0 |
|a DS921.5.S7
|b B74 1996
|
| 082 |
0 |
0 |
|a 951.904/2
|2 20
|
| 100 |
1 |
|
|a Breuer, William B.,
|d 1922-2010.
|9 11871
|
| 245 |
1 |
0 |
|a Shadow warriors :
|b the covert war in Korea /
|c William B. Breuer.
|
| 260 |
|
|
|a New York :
|b John Wiley & Sons,
|c c1996.
|
| 300 |
|
|
|a xii, 260 p., [16] p. of plates :
|b ill., maps ;
|c 25 cm.
|
| 504 |
|
|
|a Includes bibliographical references (p. 243-252) and index.
|
| 541 |
|
|
|e 3345
|
| 650 |
|
0 |
|a Korean War, 1950-1953
|x Military intelligence.
|9 13787
|
| 650 |
|
0 |
|a Korean War, 1950-1953
|z Korea (North)
|z Wonsan.
|9 13788
|
| 650 |
|
0 |
|a Subversive activities
|z Korea (North)
|z Wonsan.
|9 13789
|
| 650 |
|
0 |
|a Korean War, 1950-1953
|z United States.
|9 13790
|
| 650 |
|
0 |
|a Korean War, 1950-1953
|z Great Britain.
|9 13791
|
| 942 |
|
|
|2 ddc
|c BK
|
| 999 |
|
|
|c 35234
|d 35234
|
| 952 |
|
|
|0 0
|1 0
|2 ddc
|4 0
|6 951_904200000000000_BRE
|7 0
|9 55239
|a SCL
|b SCL
|c GEN
|d 2015-08-16
|e Gift: The Asia Foundation
|l 2
|m 6
|o 951.9042 BRE
|p 3020003345
|r 2022-05-31
|s 2022-05-29
|t 1
|w 2015-08-16
|y BK
|